EVERY CLUB IN THE 23-24 UEFA CHAMPIONS LEAGUE - Statistics

General Stats
  • This quiz has been taken 146 times
  • The average score is 26 of 32
Answer Stats
Hint Answer % Correct
Serie A Inter Milan
99%
La Liga Barcelona
98%
Bundesliga Bayern Munich
98%
Ligue 1 PSG
97%
La Liga Atletico Madrid
95%
Premier League Manchester City
95%
Premier League Manchester United
95%
La Liga Real Madrid
94%
Bundesliga Borussia Dortmund
92%
Premier League Arsenal
91%
Liga Portugal Benfica
88%
Premier League Newcastle United
88%
Scottish Premiership Celtic
87%
Liga Portugal FC Porto
87%
Serie A Napoli
87%
Serie A AC Milan
85%
Eredivisie PSV
85%
La Liga Sevilla
84%
Süper Lig Galatasaray
83%
Eredivisie Feyenoord
79%
Bundesliga RB Leipzig
77%
Serie A Lazio
75%
Bundesliga Union Berlin
75%
Ukrainian Premier League Shakhtar Donetsk
71%
Liga Portugal Braga
70%
Swiss Super League Young Boys
68%
Ligue 1 Lens
67%
Austrian Bundesliga RB Salzburg
66%
Superliga Copenhagen
60%
La Liga Real Sociedad
58%
Belgian Pro League Antwerp
57%
Serbian SuperLiga Red Star Belgrade
50%
No matching quizzes found
Score Distribution
Percent of People with Each Score
Percentile by Number Answered
Your Score History
You have not taken this quiz